000 01166cam a2200337 4500
008 090401t1998 xxu||||| |||| 00| 0 eng d
020 _a0854068724
035 _a(Sirsi) u84825
041 _aeng
050 _a346.4104343
110 _aRoyal Institution of Chartered Surveyors
_94900
245 _aChanging lease structures : an analysis of IPD data : a study of the impact of changing business patterns on the property market.
260 _aLondon
_bRICS
_c1998
300 _a26p. ; 30cm.
350 _a9.95
490 _aRight Space: Right Price
_v5
520 _aOne of six papers for the Right Space: Right Price Research Project. Report carried out for the RICS by the University of Reading and DTZ Debenham Thorpe.
650 _aCOMMERCIAL LEASES
650 _aINVESTMENT PROPERTY DATABANK
650 _aLEASE LENGTH
650 _aLEASE STRUCTURES
650 _aOFFICES
650 _aPROPERTY MARKET
690 _aLANDLORD AND TENANT-BUSINESS TENANCIES
700 _aCrosby, Neil
700 _aLizieri, Colin
710 _aUniversity of Reading
_93273
710 _aDTZ Debenham Thorpe
_92895
942 _n0
948 _c12/03/1998
999 _c96983
_d96983